[Event "Serbia Championship"]
[Site "Kragujevac"]
[Date "2009.04.06"]
[Round "5"]
[White "Ivanisevic, Ivan"]
[Black "Popovic, Aleksandar M"]
[Result "1-0"]
[WhiteElo "2625"]
[BlackElo "2325"]
[PlyCount "67"]
[EventDate "2009.??.??"]
[Source "Perpetual Check"]

1. d4 Nf6 2. c4 g6 3. Nc3 Bg7 4. e4 O-O 5. Nf3 d6 6. Be2 e5 7. Be3 Nc6 8. d5
Ne7 9. Nd2 c6 10. O-O h5 11. h3 Nh7 12. c5 cxd5 13. Nxd5 Nxd5 14. exd5 f5 15.
cxd6 f4 16. Bc5 Bxh3 17. gxh3 Qh4 18. Ne4 b6 19. Ba3 Qxh3 20. Bf3 g5 21. Bg2
Qh4 22. d7 Rf7 23. Rc1 Rd8 24. Rc8 g4 25. Qa4 f3 26. Rxd8+ Qxd8 27. Rc1 Rxd7
28. Bf1 Kh8 29. Ba6 b5 30. Qxb5 Rxd5 31. Qb3 Nf8 32. Be7 Qa5 33. Nf6 Qd2 34.
Qxd5 1-0

[Event "Serbia Championship"]
[Site "Kragujevac"]
[Date "2009.04.06"]
[Round "5"]
[White "Bogosavljevic, Boban"]
[Black "Perunovic, Milos"]
[Result "1/2-1/2"]
[WhiteElo "2526"]
[BlackElo "2580"]
[PlyCount "86"]
[EventDate "2009.??.??"]
[Source "Perpetual Check"]

1. Nf3 Nf6 2. c4 c5 3. g3 Nc6 4. Bg2 d5 5. cxd5 Nxd5 6. O-O e5 7. Nc3 Nc7 8. a3
f6 9. e3 Be7 10. d4 cxd4 11. exd4 exd4 12. Ne2 Ne6 13. b4 d3 14. Nf4 Nxf4 15.
Bxf4 O-O 16. Qb3+ Kh8 17. b5 Nd4 18. Qxd3 Ne6 19. Qxd8 Rxd8 20. Be3 Bd7 21. a4
Bc5 22. Nd2 Bxe3 23. fxe3 Nc5 24. Ne4 Nb3 25. Rab1 Be6 26. Rfd1 Rab8 27. Rd6
Rxd6 28. Nxd6 b6 29. Nb7 Rc8 30. Bc6 Kg8 31. Rd1 Kf8 32. Bd7 Bxd7 33. Rxd7 Rc1+
34. Kf2 Ra1 35. Nd6 Rd1 36. Rf7+ Kg8 37. Rd7 h5 38. Rd8+ Kh7 39. Nb7 Ra1 40.
Rd3 Ra2+ 41. Ke1 Ra1+ 42. Kf2 Ra2+ 43. Ke1 Ra1+ 1/2-1/2

[Event "Serbia Championship"]
[Site "Kragujevac"]
[Date "2009.04.06"]
[Round "5"]
[White "Damljanovic, Branko"]
[Black "Zlatic, Mihailo"]
[Result "1-0"]
[WhiteElo "2573"]
[BlackElo "2463"]
[PlyCount "161"]
[EventDate "2009.??.??"]
[Source "Perpetual Check"]

1. d4 Nf6 2. Nf3 c5 3. d5 d6 4. Nc3 g6 5. e4 Bg7 6. Bb5+ Bd7 7. a4 O-O 8. O-O
Bg4 9. Re1 Nbd7 10. h3 Bxf3 11. Qxf3 Ne8 12. Bf1 Nc7 13. Qd1 a6 14. a5 Rb8 15.
Nb1 b5 16. axb6 Nxb6 17. Nd2 e6 18. c4 exd5 19. exd5 Nd7 20. Qc2 Nf6 21. Nf3
Re8 22. Bd2 Rxe1 23. Rxe1 Nd7 24. b3 Ne5 25. Nh2 Ne8 26. Qa2 Qb6 27. Rb1 Nf6
28. Ba5 Qb7 29. Qc2 Qc8 30. f4 Ned7 31. g4 Qb7 32. Nf3 Re8 33. Re1 Rxe1 34.
Bxe1 Qc8 35. Bd3 Ne8 36. Kg2 Qd8 37. Qa2 Qc8 38. Ba5 Nef6 39. Qe2 Qe8 40. Qxe8+
Nxe8 41. Nd2 Kf8 42. Ne4 Ndf6 43. Ng3 Nd7 44. h4 Ke7 45. h5 Bb2 46. Bd2 Ng7 47.
Kf3 Ne8 48. Bc2 Nef6 49. g5 Ne8 50. Ke2 Bd4 51. f5 Ne5 52. Ba5 Bb2 53. f6+ Kd7
54. b4 Kc8 55. hxg6 hxg6 56. Ba4 Nc7 57. Bb3 Nd7 58. Ne4 Be5 59. Ba4 cxb4 60.
Bxb4 Ne8 61. Kd3 Bf4 62. Kc2 Kc7 63. Kb3 Bh2 64. Bc6 Bg1 65. Ka4 Be3 66. Ka5
Bd4 67. Bxd7 Kxd7 68. Kxa6 Be3 69. Kb7 Bg1 70. Bd2 Bd4 71. Ba5 Be3 72. Bd2 Bd4
73. Bf4 Bg1 74. Nd2 Bd4 75. Nf3 Bf2 76. Nh2 Bd4 77. Ng4 Bc3 78. Nh6 Bxf6 79.
gxf6 Nxf6 80. Nxf7 Ne4 81. Kb6 1-0

[Event "Serbia Championship"]
[Site "Kragujevac"]
[Date "2009.04.07"]
[Round "6"]
[White "Sedlak, Nikola"]
[Black "Zlatic, Mihailo"]
[Result "1/2-1/2"]
[WhiteElo "2572"]
[BlackElo "2463"]
[PlyCount "85"]
[EventDate "2009.??.??"]
[Source "Perpetual Check"]

1. d4 c5 2. d5 d6 3. c4 e5 4. dxe6 Bxe6 5. Nc3 Nc6 6. e3 Nf6 7. Nh3 d5 8. cxd5
Nxd5 9. Nxd5 Qxd5 10. Qxd5 Bxd5 11. Nf4 O-O-O 12. Nxd5 Rxd5 13. Bd2 Nb4 14. Bc4
Nc2+ 15. Ke2 Rxd2+ 16. Kxd2 Nxa1 17. Bxf7 Bd6 18. Rxa1 Rf8 19. Be6+ Kc7 20. Ke2
Be5 21. Rb1 b5 22. Bd5 g5 23. g3 g4 24. h3 gxh3 25. f4 Rd8 26. Be6 Re8 27. Bf5
Bd4 28. e4 h2 29. Kf3 Bg1 30. Kg2 Rd8 31. e5 Rd2+ 32. Kh1 h6 33. Be4 c4 34. Bg2
Kd8 35. f5 Bd4 36. Re1 Bf2 37. Rf1 Bxg3 38. f6 Bxe5 39. f7 Bd6 40. f8=Q+ Bxf8
41. Rxf8+ Kc7 42. a4 bxa4 43. Rf4 1/2-1/2

[Event "Serbia Championship"]
[Site "Kragujevac"]
[Date "2009.04.07"]
[Round "6"]
[White "Perunovic, Milos"]
[Black "Damljanovic, Branko"]
[Result "1-0"]
[WhiteElo "2580"]
[BlackElo "2573"]
[PlyCount "79"]
[EventDate "2009.??.??"]
[Source "Perpetual Check"]

1. e4 c5 2. Nf3 d6 3. d4 cxd4 4. Nxd4 Nf6 5. Nc3 a6 6. Be3 e5 7. Nb3 Be6 8. f4
Ng4 9. Bd2 exf4 10. Bxf4 Nc6 11. Qd2 Be7 12. O-O-O Nce5 13. h3 Ng6 14. g3 N4e5
15. Nd4 O-O 16. h4 Bg4 17. Be2 h5 18. Nf5 Re8 19. Bxg4 Nxg4 20. Rhf1 Rc8 21.
Bg5 f6 22. Qd5+ Kh7 23. Qf7 Rg8 24. Bf4 Qe8 25. Qd5 Nxf4 26. Rxf4 Rc7 27. Qe6
Rd7 28. Kb1 Bd8 29. Qb3 g6 30. Nd4 b5 31. Nd5 Rf8 32. Qa3 a5 33. Nxb5 Qe5 34.
Nd4 Qe8 35. Nc6 Rff7 36. Rdf1 Kg7 37. b3 Ne5 38. Nxd8 Qxd8 39. Nxf6 Rb7 40.
Qxd6 1-0

[Event "Serbia Championship"]
[Site "Kragujevac"]
[Date "2009.04.07"]
[Round "6"]
[White "Antic, Dejan"]
[Black "Bogosavljevic, Boban"]
[Result "1-0"]
[WhiteElo "2513"]
[BlackElo "2526"]
[PlyCount "81"]
[EventDate "2009.??.??"]
[Source "Perpetual Check"]

1. d4 Nf6 2. c4 e6 3. g3 Bb4+ 4. Bd2 c5 5. Bg2 O-O 6. d5 Bxd2+ 7. Qxd2 exd5 8.
cxd5 Re8 9. Nc3 d6 10. f3 Nbd7 11. e4 Ne5 12. Nge2 b5 13. O-O b4 14. Nd1 Ba6
15. Ne3 Qb6 16. Rfd1 c4 17. Qd4 Nd3 18. Rd2 Rac8 19. Qxb6 axb6 20. a3 Nc5 21.
Nd4 b3 22. a4 Nb7 23. Rc1 g6 24. Nd1 Nc5 25. Nc3 Nd3 26. Ra1 Rcd8 27. Bf1 Nc5
28. Ndb5 Bxb5 29. Nxb5 Rd7 30. Bxc4 Ra8 31. Nc3 Rda7 32. Bb5 Nfd7 33. Kg2 Ra5
34. Re1 Kf8 35. f4 f6 36. h4 Ke7 37. Kf3 R5a7 38. h5 g5 39. Ne2 Nxa4 40. Nd4
Rc7 41. Bc6 1-0

[Event "Serbia Championship"]
[Site "Kragujevac"]
[Date "2009.04.07"]
[Round "6"]
[White "Popovic, Aleksandar M"]
[Black "Miladinovic, Igor"]
[Result "0-1"]
[WhiteElo "2325"]
[BlackElo "2571"]
[PlyCount "110"]
[EventDate "2009.??.??"]
[Source "Perpetual Check"]

1. e4 c5 2. Nf3 Nc6 3. d4 cxd4 4. Nxd4 Qc7 5. Nc3 e6 6. Be2 Nf6 7. O-O a6 8.
Kh1 Bb4 9. Nxc6 bxc6 10. f4 d5 11. e5 Nd7 12. Na4 O-O 13. c4 f6 14. exf6 Rxf6
15. Be3 Bd6 16. Qd2 Bb7 17. c5 Be7 18. Bd4 Rh6 19. Bg4 Re8 20. Rae1 Bd8 21. Qe3
a5 22. Qg3 Nf8 23. Be5 Qf7 24. Qd3 Nd7 25. Rf3 Rh4 26. Rg3 Nxe5 27. fxe5 Qf4
28. Bd1 Rf8 29. h3 Qf2 30. Rge3 Rhf4 31. b3 Bg5 32. Bc2 g6 33. Nc3 Qh4 34. Nd1
Rd4 35. Qe2 Bxe3 36. Qxe3 Ba6 37. Kg1 Rdf4 38. g3 Rf1+ 39. Rxf1 Rxf1+ 40. Kg2
Qb4 41. Nf2 Qe1 42. Qf3 Qxe5 43. Bd3 Bxd3 44. Qxd3 Ra1 45. Qd2 a4 46. bxa4 d4
47. Qb2 Qd5+ 48. Kh2 Rxa2 49. Qb8+ Kf7 50. Qc7+ Ke8 51. Qc8+ Ke7 52. Qc7+ Qd7
53. Qf4 d3 54. g4 Rxf2+ 55. Qxf2 d2 0-1

[Event "Serbia Championship"]
[Site "Kragujevac"]
[Date "2009.04.07"]
[Round "6"]
[White "Pikula, Dejan"]
[Black "Ivanisevic, Ivan"]
[Result "0-1"]
[WhiteElo "2568"]
[BlackElo "2625"]
[PlyCount "92"]
[EventDate "2009.??.??"]
[Source "Perpetual Check"]

1. e4 c5 2. Nf3 Nc6 3. d4 cxd4 4. Nxd4 g6 5. Nc3 Bg7 6. Be3 Nf6 7. Bc4 O-O 8.
Bb3 d6 9. h3 Na5 10. Qd2 a6 11. Bh6 b5 12. Bxg7 Kxg7 13. Bd5 Nxd5 14. Nxd5 Bb7
15. h4 e5 16. h5 Nc4 17. Qc1 exd4 18. hxg6 h5 19. Rxh5 Rh8 20. Rxh8 Qxh8 21.
Qg5 Bxd5 22. gxf7+ Kf8 23. Qxd5 Ra7 24. O-O-O d3 25. c3 Qh6+ 26. Kb1 Rxf7 27.
Qxd3 Rxf2 28. e5 Qf4 29. b3 Rb2+ 30. Ka1 Rxa2+ 31. Kxa2 Qf2+ 32. Rd2 Qxd2+ 33.
Qxd2 Nxd2 34. exd6 Ke8 35. Ka3 Kd7 36. Kb4 Kxd6 37. c4 Kc6 38. cxb5+ axb5 39.
Kc3 Ne4+ 40. Kd4 Ng3 41. Ke5 Kc5 42. Kf4 Ne2+ 43. Ke5 Kb4 44. g4 Ng1 45. Kd5
Nf3 46. Ke4 Nh4 0-1

[Event "Serbia Championship"]
[Site "Kragujevac"]
[Date "2009.04.07"]
[Round "6"]
[White "Vuckovic, Bojan"]
[Black "Drazic, Sinisa"]
[Result "1/2-1/2"]
[WhiteElo "2572"]
[BlackElo "2533"]
[PlyCount "172"]
[EventDate "2009.??.??"]
[Source "Perpetual Check"]

1. e4 c6 2. d4 d5 3. f3 e6 4. Nc3 Bb4 5. Nge2 Ne7 6. Be3 O-O 7. a3 Ba5 8. Qd2
dxe4 9. fxe4 e5 10. O-O-O exd4 11. Bxd4 Nd7 12. Ng3 Ng6 13. Nf5 Nf6 14. Qg5
Nxe4 15. Qxd8 Bxd8 16. Nh6+ gxh6 17. Nxe4 f6 18. Bc4+ Kg7 19. Bc5 Be7 20. Bxe7
Nxe7 21. Nd6 Rd8 22. Rhe1 Kf8 23. Be6 Bxe6 24. Rxe6 Rd7 25. Rxf6+ Kg8 26. Rxh6
Ng6 27. Rh3 Rf8 28. Rhd3 Re7 29. b3 a6 30. R1d2 Kg7 31. Kb2 h5 32. a4 b6 33.
Rc3 Ne5 34. Re3 Ng6 35. Rxe7+ Nxe7 36. Nc4 b5 37. Rd7 Kf6 38. Rd6+ Kf5 39. axb5
axb5 40. Rd2 Rg8 41. Rf2+ Ke6 42. Re2+ Kd7 43. Ne5+ Kd6 44. g3 Rf8 45. Nd3 Nd5
46. Re5 h4 47. gxh4 Rf3 48. Rg5 Rh3 49. Rg6+ Kc7 50. Ne5 Nb4 51. Rg2 Rxh4 52.
Rg4 Rh5 53. Nf3 Nd5 54. h4 Rf5 55. Nd4 Rf2 56. h5 Rh2 57. Rg6 Rxh5 58. Rxc6+
Kd7 59. Rc5 b4 60. Nf3 Kd6 61. Rc4 Rf5 62. Nd4 Rf2 63. Nb5+ Kd7 64. Re4 Kc6 65.
Nd4+ Kc5 66. Ne2 Kd6 67. Nc1 Rf4 68. Re8 Kd7 69. Re5 Kd6 70. Nd3 Rh4 71. Rg5
Kc6 72. Rg6+ Kc7 73. Ne5 Re4 74. Rg7+ Kd6 75. Nc4+ Kc5 76. Rg5 Re6 77. Ne5 Kd6
78. Nf7+ Kc5 79. Rg4 Nc3 80. Rg5+ Kd4 81. Nd8 Ra6 82. Rg4+ Ke3 83. Rxb4 Nd1+
84. Kb1 Nc3+ 85. Kb2 Nd1+ 86. Kb1 Nc3+ 1/2-1/2

[Event "Serbia Championship"]
[Site "Kragujevac"]
[Date "2009.04.08"]
[Round "7"]
[White "Rajkovic, Dusan"]
[Black "Sedlak, Nikola"]
[Result "0-1"]
[WhiteElo "2486"]
[BlackElo "2572"]
[PlyCount "62"]
[EventDate "2009.??.??"]
[Source "Perpetual Check"]

1. d4 Nf6 2. c4 g6 3. Nc3 d5 4. Nf3 Bg7 5. Qb3 dxc4 6. Qxc4 O-O 7. e4 Nc6 8.
Be2 Bg4 9. Be3 Bxf3 10. Bxf3 e5 11. d5 Nd4 12. Bd1 c6 13. dxc6 Rc8 14. Qa4 Rxc6
15. O-O a6 16. Qa3 Re8 17. b4 Qd6 18. Qb2 Rec8 19. Rc1 Qc7 20. Ne2 Rxc1 21.
Nxc1 Nxe4 22. Nb3 Rd8 23. a3 Nc3 24. Bxd4 exd4 25. Bf3 d3 26. Qd2 b6 27. g3 Qc4
28. Nc1 h5 29. Re1 Kh7 30. Ne2 Nxe2+ 31. Bxe2 Qc3 0-1

[Event "Serbia Championship"]
[Site "Kragujevac"]
[Date "2009.04.08"]
[Round "7"]
[White "Drazic, Sinisa"]
[Black "Sarenac, Ivan"]
[Result "1/2-1/2"]
[WhiteElo "2533"]
[BlackElo "2320"]
[PlyCount "195"]
[EventDate "2009.??.??"]
[Source "Perpetual Check"]

1. d4 Nf6 2. Nf3 g6 3. Bg5 Bg7 4. Nbd2 d5 5. e3 O-O 6. Be2 Nbd7 7. O-O c5 8. c4
cxd4 9. Nxd4 Nc5 10. Rc1 Ne6 11. Nxe6 Bxe6 12. Bf3 Rc8 13. Qa4 a6 14. Rfd1 h6
15. Bf4 Qb6 16. Be5 dxc4 17. Nxc4 Qa7 18. Bd4 b5 19. Qa5 Qc7 20. Be5 Qxa5 21.
Nxa5 Rxc1 22. Rxc1 Rc8 23. Nc6 Kf8 24. h3 Nd7 25. Bxg7+ Kxg7 26. Rd1 Kf6 27.
Rd4 g5 28. a4 Ne5 29. Nxe5 Kxe5 30. a5 Rc1+ 31. Kh2 Rb1 32. b4 Bc4 33. Rd7 Ke6
34. Ra7 Rxb4 35. Rxa6+ Ke5 36. Rxh6 Ra4 37. Ra6 b4 38. Rb6 b3 39. Bd1 Rxa5 40.
Bxb3 Bxb3 41. Rxb3 Kf6 42. Kg3 Kg6 43. Rb6+ f6 44. Rb7 e5 45. e4 Ra3+ 46. Kg4
Ra2 47. Kg3 Ra3+ 48. f3 Ra2 49. Rb8 Rc2 50. Rb1 Ra2 51. Rh1 Rb2 52. Rf1 Ra2 53.
Rf2 Ra1 54. Kg4 Rb1 55. Ra2 Rc1 56. g3 Rb1 57. Ra8 Rg1 58. Rb8 Rg2 59. Rb1 Kh6
60. Rf1 Kg6 61. Rh1 Kg7 62. h4 gxh4 63. Rxh4 Kg6 64. Rh1 Kg7 65. Rf1 Kg6 66.
Kh3 Re2 67. g4 Ra2 68. Kg3 Rb2 69. Rh1 Ra2 70. Rh8 Kg7 71. Rh2 Ra1 72. Rh5 Kg6
73. Rf5 Rb1 74. Kf2 Rb2+ 75. Ke3 Rb3+ 76. Ke2 Rb2+ 77. Kd3 Rb3+ 78. Kc4 Ra3 79.
g5 fxg5 80. Kd5 Ra5+ 81. Ke6 Rb5 82. Rf6+ Kh5 83. Rf8 Kh4 84. Kf5 Ra5 85. Rf6
Rb5 86. Rh6+ Kg3 87. Kxg5 Kxf3 88. Kf5 Ke3 89. Rh3+ Kd4 90. Ra3 Rb8 91. Ra4+
Ke3 92. Rc4 Rf8+ 93. Ke6 Re8+ 94. Kf5 Rf8+ 95. Kxe5 Re8+ 96. Kf5 Rf8+ 97. Ke6
Re8+ 98. Kf5 1/2-1/2

[Event "Serbia Championship"]
[Site "Kragujevac"]
[Date "2009.04.08"]
[Round "7"]
[White "Ivanisevic, Ivan"]
[Black "Vuckovic, Bojan"]
[Result "1-0"]
[WhiteElo "2625"]
[BlackElo "2572"]
[PlyCount "81"]
[EventDate "2009.??.??"]
[Source "Perpetual Check"]

1. d4 c6 2. c4 d5 3. Nc3 Nf6 4. e3 a6 5. Qc2 b5 6. b3 Bg4 7. Nge2 Nbd7 8. h3
Bh5 9. Nf4 Bg6 10. Nxg6 hxg6 11. Bd2 e6 12. Bd3 Rc8 13. c5 e5 14. O-O-O Be7 15.
Kb1 Nf8 16. f3 N6d7 17. f4 e4 18. Be2 f5 19. g4 Ne6 20. h4 Bxh4 21. Rh3 Kf7 22.
Rdh1 Rh6 23. Qd1 Qh8 24. Qg1 Qh7 25. a3 Rh8 26. Na2 Qg8 27. Qg2 Bf6 28. Nb4
Rxh3 29. Rxh3 Nb8 30. Qh1 Rxh3 31. Qxh3 fxg4 32. Bxg4 Qe8 33. Be1 Bd8 34. f5
Ng5 35. fxg6+ Kg8 36. Qh5 a5 37. Bg3 axb4 38. Bxb8 Qe7 39. Bf4 Qf6 40. axb4 Be7
41. Ka2 1-0

[Event "Serbia Championship"]
[Site "Kragujevac"]
[Date "2009.04.08"]
[Round "7"]
[White "Miladinovic, Igor"]
[Black "Pikula, Dejan"]
[Result "1/2-1/2"]
[WhiteElo "2571"]
[BlackElo "2568"]
[PlyCount "41"]
[EventDate "2009.??.??"]
[Source "Perpetual Check"]

1. d4 d5 2. Bg5 h6 3. Bh4 c6 4. e3 Qb6 5. Qc1 e5 6. Nf3 exd4 7. exd4 Be7 8.
Bxe7 Nxe7 9. Bd3 O-O 10. O-O Bf5 11. Bxf5 Nxf5 12. Qf4 Ne7 13. Nbd2 Ng6 14. Qf5
Na6 15. Rfe1 Rae8 16. Nb3 Qd8 17. g3 Nc7 18. c3 Nb5 19. Rxe8 Rxe8 20. Re1 Rxe1+
21. Nxe1 1/2-1/2

[Event "Serbia Championship"]
[Site "Kragujevac"]
[Date "2009.04.08"]
[Round "7"]
[White "Bogosavljevic, Boban"]
[Black "Popovic, Aleksandar M"]
[Result "1-0"]
[WhiteElo "2526"]
[BlackElo "2325"]
[PlyCount "49"]
[EventDate "2009.??.??"]
[Source "Perpetual Check"]

1. Nf3 Nf6 2. g3 g6 3. Bg2 Bg7 4. O-O O-O 5. c4 d6 6. d4 Nc6 7. b3 a6 8. Nc3
Rb8 9. a4 Bf5 10. Ba3 Ne4 11. Nd5 g5 12. Rc1 Bg6 13. Ne3 e6 14. d5 exd5 15.
cxd5 Na5 16. b4 b5 17. axb5 axb5 18. bxa5 b4 19. Nd4 bxa3 20. Nc6 Qf6 21. Nxb8
Nc3 22. Nd7 Nxd1 23. Nxf6+ Bxf6 24. Rfxd1 a2 25. Ra1 1-0

[Event "Serbia Championship"]
[Site "Kragujevac"]
[Date "2009.04.08"]
[Round "7"]
[White "Zlatic, Mihailo"]
[Black "Perunovic, Milos"]
[Result "0-1"]
[WhiteElo "2463"]
[BlackElo "2580"]
[PlyCount "123"]
[EventDate "2009.??.??"]
[Source "Perpetual Check"]

1. e4 c5 2. Nf3 e6 3. d4 cxd4 4. Nxd4 Nc6 5. Nxc6 bxc6 6. Bd3 Nf6 7. O-O e5 8.
c4 Bc5 9. Nd2 a5 10. Nb3 Be7 11. a4 O-O 12. c5 d5 13. cxd6 Qxd6 14. Be3 Ng4 15.
Bc5 Qh6 16. h3 Bxc5 17. Nxc5 Ne3 18. fxe3 Qxe3+ 19. Kh2 Qxc5 20. Rc1 Qb6 21.
Bc4 Ra7 22. Qd6 Qc7 23. Qc5 Ba6 24. Bb5 Rc8 25. Rfd1 g6 26. Bxc6 Qb8 27. Rd6
Rb7 28. Rcd1 Rxb2 29. Qxa5 Bf1 30. Kg1 Rxg2+ 31. Kxf1 Qb2 32. R1d2 Rxd2 33.
Qxd2 Qxd2 34. Rxd2 Rxc6 35. Ra2 f5 36. a5 Ra6 37. Ke2 Kf7 38. Kd3 Ke6 39. h4 h6
40. h5 gxh5 41. exf5+ Kxf5 42. Ra4 Kg5 43. Ke4 h4 44. Kxe5 h3 45. Ra2 h5 46.
Ke4 Kg4 47. Ke5 h4 48. Ra4+ Kg5 49. Ra2 Ra8 50. a6 Ra7 51. Ke4 Kg4 52. Ke5 h2
53. Rxh2 Rxa6 54. Rb2 Ra4 55. Rb8 h3 56. Rg8+ Kf3 57. Rf8+ Kg3 58. Rb8 h2 59.
Rb3+ Kh4 60. Rb1 Rg4 61. Kf5 Rg5+ 62. Kf4 0-1

[Event "Serbia Championship"]
[Site "Kragujevac"]
[Date "2009.04.10"]
[Round "8"]
[White "Antic, Dejan"]
[Black "Zlatic, Mihailo"]
[Result "0-1"]
[WhiteElo "2513"]
[BlackElo "2463"]
[PlyCount "113"]
[EventDate "2009.??.??"]
[Source "Perpetual Check"]

1. d4 Nf6 2. c4 c5 3. d5 e5 4. Nc3 d6 5. g3 Be7 6. Bg2 O-O 7. e4 Ne8 8. Nge2
Nd7 9. O-O Nc7 10. Bd2 Rb8 11. a4 a5 12. Nb5 Na6 13. f4 Re8 14. Ra3 Bf8 15. f5
Nf6 16. h3 h6 17. g4 Nh7 18. Ng3 Be7 19. Nh5 Nb4 20. Raf3 Nf6 21. Nxf6+ Bxf6
22. g5 hxg5 23. Rg3 Kf8 24. Qh5 Ke7 25. Bxg5 Rh8 26. Bxf6+ gxf6 27. Qd1 Rh4 28.
Qd2 Bd7 29. Nc3 Qh8 30. b3 b6 31. Nd1 Qh7 32. Ne3 Rh8 33. Ng4 Rg8 34. Rff3 Rh5
35. Nh2 Rh8 36. Rg4 Qh6 37. Rf2 Qxd2 38. Rxd2 Rxh3 39. Bxh3 Rxh3 40. Rb2 Nd3
41. Rb1 Nf4 42. Nf1 Rc3 43. Rg8 Rc2 44. Ng3 Nh3+ 45. Kf1 Rf2+ 46. Ke1 Rg2 47.
Rc1 Ng5 48. Rc3 Nxe4 49. Re3 Rxg3 50. Rgxg3 Nxg3 51. Rxg3 Bxf5 52. Kd2 Bg6 53.
Rh3 f5 54. Rh8 Kd7 55. Rb8 Kc7 56. Re8 f4 57. Rf8 0-1

[Event "Serbia Championship"]
[Site "Kragujevac"]
[Date "2009.04.10"]
[Round "8"]
[White "Popovic, Aleksandar M"]
[Black "Damljanovic, Branko"]
[Result "0-1"]
[WhiteElo "2325"]
[BlackElo "2573"]
[PlyCount "68"]
[EventDate "2009.??.??"]
[Source "Perpetual Check"]

1. e4 c5 2. Nf3 d6 3. d4 cxd4 4. Nxd4 Nf6 5. Nc3 a6 6. f3 e5 7. Nb3 Be6 8. Be3
h5 9. Qd2 Nbd7 10. O-O-O Qc7 11. Kb1 Rc8 12. Nd5 Bxd5 13. exd5 g6 14. c4 b6 15.
c5 bxc5 16. Bxa6 Rb8 17. Qe2 Bg7 18. g4 Nb6 19. Bb5+ Kf8 20. Bc6 e4 21. h3 exf3
22. Qxf3 Nfd7 23. Bd2 Ne5 24. Qg2 Nbc4 25. Bc1 Qc8 26. g5 Kg8 27. Rhf1 Kh7 28.
Rf4 Rf8 29. Qc2 Qa6 30. Rf6 Rfc8 31. Bf4 Bxf6 32. gxf6 Rc7 33. Rg1 Ra7 34. a4
Nxc6 0-1

[Event "Serbia Championship"]
[Site "Kragujevac"]
[Date "2009.04.10"]
[Round "8"]
[White "Pikula, Dejan"]
[Black "Bogosavljevic, Boban"]
[Result "1-0"]
[WhiteElo "2568"]
[BlackElo "2526"]
[PlyCount "85"]
[EventDate "2009.??.??"]
[Source "Perpetual Check"]

1. e4 c5 2. Nf3 d6 3. d4 cxd4 4. Nxd4 Nf6 5. Nc3 Nc6 6. Bg5 Bd7 7. Qd2 Rc8 8.
f3 a6 9. O-O-O Nxd4 10. Qxd4 Qa5 11. h4 h6 12. Bd2 g6 13. Kb1 Bg7 14. Qe3 O-O
15. g4 Be6 16. a3 d5 17. g5 d4 18. Qxd4 Ng4 19. Nd5 Qd8 20. Qg1 Bxd5 21. exd5
Ne5 22. Bc1 h5 23. f4 Qc7 24. Qf2 Ng4 25. Qe2 Rfd8 26. Bh3 Rd6 27. Rd3 Rb6 28.
Rb3 Rxb3 29. cxb3 Qd7 30. Rd1 Rc5 31. Bg2 b5 32. Bd2 Qf5+ 33. Be4 Qc8 34. Bb4
Rc7 35. Ba5 Rc5 36. Bb6 Kh7 37. Bxc5 Qxc5 38. f5 Qd6 39. fxg6+ fxg6 40. Bc2 Qf4
41. Qe6 Ne5 42. d6 exd6 43. Rxd6 1-0

[Event "Serbia Championship"]
[Site "Kragujevac"]
[Date "2009.04.10"]
[Round "8"]
[White "Vuckovic, Bojan"]
[Black "Miladinovic, Igor"]
[Result "1/2-1/2"]
[WhiteElo "2572"]
[BlackElo "2571"]
[PlyCount "68"]
[EventDate "2009.??.??"]
[Source "Perpetual Check"]

1. e4 c6 2. d4 d5 3. f3 e5 4. dxe5 Bc5 5. Nc3 Qb6 6. Na4 Qa5+ 7. c3 Bxg1 8.
Rxg1 Ne7 9. Qd4 Nd7 10. Be3 dxe4 11. e6 fxe6 12. Qxe4 Nf6 13. Qb4 Qxb4 14. cxb4
Ned5 15. Bd2 b6 16. O-O-O O-O 17. b3 Bd7 18. Nb2 e5 19. Bd3 b5 20. Be4 Nxe4 21.
fxe4 Nf6 22. Rde1 Be8 23. Nd3 Bg6 24. Nc5 Rf7 25. Bc3 Re8 26. g4 Nd7 27. Nxd7
Rxd7 28. h4 Rd3 29. Bb2 Rh3 30. h5 Bf7 31. Rh1 Rg3 32. Reg1 Re3 33. Re1 Rg3 34.
Reg1 Re3 1/2-1/2

[Event "Serbia Championship"]
[Site "Kragujevac"]
[Date "2009.04.10"]
[Round "8"]
[White "Sarenac, Ivan"]
[Black "Ivanisevic, Ivan"]
[Result "0-1"]
[WhiteElo "2320"]
[BlackElo "2625"]
[PlyCount "138"]
[EventDate "2009.??.??"]
[Source "Perpetual Check"]

1. e4 c5 2. Nf3 Nc6 3. d4 cxd4 4. Nxd4 g6 5. Nc3 Bg7 6. Be3 Nf6 7. Bc4 O-O 8.
Bb3 d6 9. f3 Bd7 10. Qd2 Na5 11. O-O-O Nxb3+ 12. cxb3 Qa5 13. Kb1 Rfc8 14. Bh6
Bxh6 15. Qxh6 b5 16. g4 b4 17. Nce2 Rab8 18. h4 Rb6 19. Rc1 Rxc1+ 20. Nxc1 Qe5
21. Qe3 Nd5 22. Qd2 Nf4 23. Re1 Bb5 24. Rd1 Ba6 25. h5 Nd3 26. Nce2 Qh2 27. h6
f6 28. Qe3 Nc5 29. Rd2 Kf7 30. Nc1 Qg3 31. Rd1 Bb7 32. Re1 e5 33. Nc2 Qf4 34.
Qe2 Ba6 35. Qd1 Ne6 36. Nd3 Bxd3 37. Qxd3 Qxh6 38. Rd1 Qf4 39. a4 bxa3 40. bxa3
Kg7 41. Qc3 Qh2 42. b4 Qe2 43. Rd2 Qa6 44. Ka2 Rc6 45. Qb3 Qc8 46. Kb2 Rb6 47.
Ka2 a5 48. Rd5 axb4 49. Ra5 bxa3 50. Qxb6 Qxc2+ 51. Kxa3 Qc3+ 52. Ka2 Nd4 53.
Ra7+ Kh6 54. Rc7 Qd2+ 55. Ka3 Nxf3 56. Qb7 Kg5 57. Rxh7 Qc3+ 58. Ka2 Qc2+ 59.
Ka3 Nd2 60. Rc7 Qd3+ 61. Ka2 Qxe4 62. Qb5 d5 63. Rc3 Nc4 64. Qb3 Nd2 65. Qd1
Qf4 66. Qc2 d4 67. Rd3 Nf3 68. Qb2 e4 69. Rb3 Qd2 0-1

[Event "Serbia Championship"]
[Site "Kragujevac"]
[Date "2009.04.10"]
[Round "8"]
[White "Rajkovic, Dusan"]
[Black "Drazic, Sinisa"]
[Result "0-1"]
[WhiteElo "2486"]
[BlackElo "2533"]
[PlyCount "70"]
[EventDate "2009.??.??"]
[Source "Perpetual Check"]

1. d4 Nf6 2. c4 g6 3. Nc3 d5 4. Nf3 Bg7 5. Bg5 dxc4 6. e3 Be6 7. Ne5 Nd5 8.
Nxc4 c5 9. Ne4 cxd4 10. Ncd6+ Kf8 11. Nxb7 Qb6 12. Nbc5 h6 13. Bh4 Nd7 14. exd4
Nxc5 15. Nxc5 Qb4+ 16. Qd2 Bf5 17. Nb3 a5 18. Rc1 a4 19. Bc4 axb3 20. Bxd5
Qxd2+ 21. Kxd2 Rd8 22. g4 Rxd5 23. gxf5 Bxd4 24. Ke2 bxa2 25. Rc2 g5 26. Bg3
Kg7 27. Ra1 Ra8 28. Rd2 Kf6 29. Rd3 Kxf5 30. Rb3 e5 31. f3 e4 32. fxe4+ Kxe4
33. Be1 Rc5 34. Kd1 f5 35. Bb4 Rc4 0-1

[Event "Serbia Championship"]
[Site "Kragujevac"]
[Date "2009.04.11"]
[Round "9"]
[White "Drazic, Sinisa"]
[Black "Sedlak, Nikola"]
[Result "1-0"]
[WhiteElo "2533"]
[BlackElo "2572"]
[PlyCount "63"]
[EventDate "2009.??.??"]
[Source "Perpetual Check"]

1. d4 Nf6 2. Nf3 c5 3. d5 d6 4. Nc3 Bf5 5. e4 Nxe4 6. Qd3 Qa5 7. Ng5 c4 8. Qf3
Nxc3 9. Qxf5 Ne4+ 10. c3 Nxg5 11. Qc8+ Qd8 12. Qxb7 Nd7 13. Bxg5 Rb8 14. Qxa7
Rxb2 15. Bxc4 f6 16. Be3 Ne5 17. O-O Rb8 18. Be2 g6 19. Rfb1 Ra8 20. Qb6 Qxb6
21. Rxb6 Kf7 22. a4 Bg7 23. f4 Nd7 24. Rb7 Rhd8 25. Bb5 Nc5 26. Bxc5 dxc5 27.
Re1 Bf8 28. c4 f5 29. Re6 Rdc8 30. Kf2 Rab8 31. Rxb8 Rxb8 32. a5 1-0

[Event "Serbia Championship"]
[Site "Kragujevac"]
[Date "2009.04.11"]
[Round "9"]
[White "Ivanisevic, Ivan"]
[Black "Rajkovic, Dusan"]
[Result "1-0"]
[WhiteElo "2625"]
[BlackElo "2486"]
[PlyCount "111"]
[EventDate "2009.??.??"]
[Source "Perpetual Check"]

1. d4 e6 2. c4 Nf6 3. g3 c5 4. Nf3 cxd4 5. Nxd4 d5 6. Bg2 e5 7. Nb3 Bb4+ 8. Bd2
dxc4 9. Bxb4 Qxd1+ 10. Kxd1 cxb3 11. Nd2 Nc6 12. Bxc6+ bxc6 13. axb3 Be6 14. f3
e4 15. fxe4 O-O-O 16. Kc1 Rd7 17. Ra5 Re8 18. Bc3 Bg4 19. Rg5 Nxe4 20. Rxg4 Nf2
21. Rf4 Nxh1 22. Kd1 f6 23. Rf1 Nxg3 24. hxg3 Re3 25. Rg1 Kd8 26. Ke1 Rde7 27.
Rg2 Ke8 28. b4 Kf7 29. Nc4 R3e6 30. e3 Rd7 31. Rc2 Rd5 32. Kf2 h5 33. Bd4 Rb5
34. Bc5 Kg6 35. Rd2 Rb7 36. Kf3 Kh6 37. Rd8 g5 38. Nd6 Rc7 39. Nf5+ Kh7 40. Nd4
Re5 41. Bd6 Rf7 42. e4 g4+ 43. Kf4 Rg5 44. Nf5 Rg6 45. Bc5 Rb7 46. Rc8 Rd7 47.
Rxc6 Rd3 48. Rc7+ Kh8 49. Nh4 Rg7 50. Rxa7 Rxa7 51. Bxa7 Rd2 52. Bc5 Kg7 53.
Nf5+ Kg6 54. Ne7+ Kf7 55. Nd5 Rxb2 56. Nxf6 1-0